<?xml version="1.0" encoding="UTF-8"?><?xml-stylesheet type="text/xsl" href="static/style.xsl"?><OAI-PMH xmlns="http://www.openarchives.org/OAI/2.0/" xmlns:xsi="http://www.w3.org/2001/XMLSchema-instance" xsi:schemaLocation="http://www.openarchives.org/OAI/2.0/ http://www.openarchives.org/OAI/2.0/OAI-PMH.xsd"><responseDate>2026-06-01T23:27:38Z</responseDate><request verb="GetRecord" identifier="oai:riuma.uma.es:10630/13984" metadataPrefix="marc">https://riuma.uma.es/rest/oai/request</request><GetRecord><record><header><identifier>oai:riuma.uma.es:10630/13984</identifier><datestamp>2026-02-03T12:22:47Z</datestamp><setSpec>com_10630_2254</setSpec><setSpec>col_10630_37959</setSpec></header><metadata><record xmlns="http://www.loc.gov/MARC21/slim" xmlns:dcterms="http://purl.org/dc/terms/" xmlns:doc="http://www.lyncode.com/xoai" xmlns:xsi="http://www.w3.org/2001/XMLSchema-instance" xsi:schemaLocation="http://www.loc.gov/MARC21/slim http://www.loc.gov/standards/marcxml/schema/MARC21slim.xsd">
   <leader>00925njm 22002777a 4500</leader>
   <datafield ind2=" " ind1=" " tag="042">
      <subfield code="a">dc</subfield>
   </datafield>
   <datafield ind2=" " ind1=" " tag="720">
      <subfield code="a">Amorim-Silva, Vitor</subfield>
      <subfield code="e">author</subfield>
   </datafield>
   <datafield ind2=" " ind1=" " tag="720">
      <subfield code="a">García-Moreno, Álvaro</subfield>
      <subfield code="e">author</subfield>
   </datafield>
   <datafield ind2=" " ind1=" " tag="720">
      <subfield code="a">Lakhssassi, Naoufal</subfield>
      <subfield code="e">author</subfield>
   </datafield>
   <datafield ind2=" " ind1=" " tag="720">
      <subfield code="a">Esteban del Valle, Alicia</subfield>
      <subfield code="e">author</subfield>
   </datafield>
   <datafield ind2=" " ind1=" " tag="720">
      <subfield code="a">Rosado Rey, Abel</subfield>
      <subfield code="e">author</subfield>
   </datafield>
   <datafield ind2=" " ind1=" " tag="720">
      <subfield code="a">Pérez-Sancho, Jessica</subfield>
      <subfield code="e">author</subfield>
   </datafield>
   <datafield ind2=" " ind1=" " tag="720">
      <subfield code="a">Li, Yansha</subfield>
      <subfield code="e">author</subfield>
   </datafield>
   <datafield ind2=" " ind1=" " tag="720">
      <subfield code="a">Castillo-Garriga, Araceli</subfield>
      <subfield code="e">author</subfield>
   </datafield>
   <datafield ind2=" " ind1=" " tag="720">
      <subfield code="a">Pérez-Rodríguez, Josefa</subfield>
      <subfield code="e">author</subfield>
   </datafield>
   <datafield ind2=" " ind1=" " tag="720">
      <subfield code="a">Valpuesta-Fernández, Victoriano</subfield>
      <subfield code="e">author</subfield>
   </datafield>
   <datafield ind2=" " ind1=" " tag="720">
      <subfield code="a">Zipfel, Cyril</subfield>
      <subfield code="e">author</subfield>
   </datafield>
   <datafield ind2=" " ind1=" " tag="720">
      <subfield code="a">Macho, Alberto P.</subfield>
      <subfield code="e">author</subfield>
   </datafield>
   <datafield ind2=" " ind1=" " tag="720">
      <subfield code="a">Botella-Mesa, Miguel Ángel</subfield>
      <subfield code="e">author</subfield>
   </datafield>
   <datafield ind2=" " ind1=" " tag="260">
      <subfield code="c">2017-06-23</subfield>
   </datafield>
   <datafield ind2=" " ind1=" " tag="520">
      <subfield code="a">Brassinosteroids (BRs) is a group of steroidal hormones that play critical roles in multiple aspects of plant growth and development. BR stimulation at the PM receptors initiates a series of phosphorylation events enabling the nuclear accumulation and activity of the key transcription factor BZR1 and BES1. Previous studies have shown that all BR components associate form an interconnected signaling pathway, although it is not known how these proteins are brought together for the prompt signal transduction upon BR perception. Here we report that plant-specific Tetratricopeptide Thioredoxin-Like TTL proteins are positive regulators of BR signaling functioning as a scaffold of the BR pathway in Arabidopsis. TTL3 interacts with most core components involved in transducing BR signaling, BRI1, BSK1, and BIN2 kinases, the BSU1 phosphatase and the transcription factors BZR1 and BES1. Consistent with this role in BR signaling, mutations in TTL1, TTL2, and TT4 genes cause reduced BR responses, defects that are highly enhanced in a triple ttl1/ttl3/ttl4 mutant. We also show that a functional TTL3-green fluorescence protein is mainly localized in the cytoplasm and that BR treatment increases the association to the plasma membrane. We also show that the cytoplasmic/plasma membrane localization of a functional TTL3-green fluorescence protein is dependent on BR. We propose a novel mechanistic model for optimized BR signaling, in which cytoplasmic/nuclear BR components bound to TTL proteins are translocated to the plasma membrane upon BR perception, which in turn allow the assembly of a BR signaling complex with the goal of ensuring TF de-phosphorylation and nuclear accumulation of the transcription factors.</subfield>
   </datafield>
   <datafield ind1="8" ind2=" " tag="024">
      <subfield code="a">http://hdl.handle.net/10630/13984</subfield>
   </datafield>
   <datafield ind1="8" ind2=" " tag="024">
      <subfield code="a">http://orcid.org/0000-0002-8867-1831</subfield>
   </datafield>
   <datafield tag="653" ind2=" " ind1=" ">
      <subfield code="a">Hormonas vegetales</subfield>
   </datafield>
   <datafield ind2="0" ind1="0" tag="245">
      <subfield code="a">Scaffold-mediated Assembly of the Brassinosteroid Signaling Components by TTL proteins</subfield>
   </datafield>
</record>
</metadata></record></GetRecord></OAI-PMH>